|
|
|
|
| LEADER |
00000nam2a2200000 4500 |
| 001 |
191355 |
| 005 |
20231031180706.0 |
| 035 |
|
|
|a (RuTPU)RU\TPU\book\208638
|
| 035 |
|
|
|a RU\TPU\book\189519
|
| 090 |
|
|
|a 191355
|
| 100 |
|
|
|a 20110204d2010 km y0rusy50 ca
|
| 101 |
0 |
|
|a rus
|
| 102 |
|
|
|a RU
|
| 105 |
|
|
|a a g 001zy
|
| 200 |
0 |
|
|a Вып. 7
|
| 210 |
|
|
|d 2010
|
| 215 |
|
|
|a 500 с.
|c ил.
|
| 320 |
|
|
|a Предметно-тематический указатель: с. 481-495
|
| 330 |
|
|
|a Специализированный выпуск сборника "Федеральный справочник. Образование в России" - ведущее информационно-аналитическое издание в сфере образования. Подготовка справочника ведется совместно с Министерством образования и науки Российской Федерации и при участии Федеральной службы по надзору в сфере образования и науки, Федерального агентства по образованию, профильных комитетов Федерального Собрания Российской Федерации и региональных органов исполнительной власти.Издание, не имеющее на сегодняшний день аналогов, посвящено приоритетам государственной образовательной политики, регулированию и законодательному обеспечению образовательной деятельности, анализу реализации приоритетного национального проекта «Образование», международному сотрудничеству и интеграции России в мировое образовательное пространство, а также систематизирует информационные, аналитические и статистические данные по ряду важнейших направлений отрасли. Авторами статей являются руководители федеральных и региональных органов государственной власти, лучших вузов и ссузов России, ведущие эксперты. Справочник предназначен не только для руководителей органов управления образованием и учебных заведений, но и для широкого круга читателей, интересующихся перспективами развития, повышением качества и престижа российского образования.
|
| 461 |
|
1 |
|0 (RuTPU)RU\TPU\book\183043
|t Образование в России. Федеральный справочник
|f Российская Федерация, Министерство образования и науки ; Федеральная служба по надзору в сфере образования и науки ; Совет Федерации Федерального собрания РФ ; Российская Федерация, Федеральное собрание, Государственная Дума ; Российская Федерация, Министерство здравоохранения и социального развития (Минздравсоцразвития России) ; Министерство внутренних дел РФ ; Российская Федерация, Министерство сельского хозяйства
|v Вып. 7
|d 2001-
|
| 606 |
1 |
|
|a Образование
|2 stltpush
|3 (RuTPU)RU\TPU\subj\38030
|
| 606 |
1 |
|
|a Высшее образование
|2 stltpush
|3 (RuTPU)RU\TPU\subj\3994
|
| 610 |
1 |
|
|a педагогика
|
| 610 |
1 |
|
|a образовательная политика
|
| 610 |
1 |
|
|a государственное управление
|
| 610 |
1 |
|
|a государственное регулирование
|
| 610 |
1 |
|
|a инновации
|
| 610 |
1 |
|
|a высшее профессиональное образование
|
| 610 |
1 |
|
|a послевузовское образование
|
| 610 |
1 |
|
|a начальное образование
|
| 610 |
1 |
|
|a среднее профессиональное образование
|
| 610 |
1 |
|
|a специалисты
|
| 610 |
1 |
|
|a кадры
|
| 610 |
1 |
|
|a Россия
|
| 610 |
1 |
|
|a регионы
|
| 610 |
1 |
|
|a международное сотрудничество
|
| 610 |
1 |
|
|a справочники
|
| 686 |
|
|
|a Ч30/49я2
|v LBC/SL-A
|2 rubbk
|
| 686 |
|
|
|a Ч484(2)я2
|v LBC/SL-A
|2 rubbk
|
| 801 |
|
1 |
|a RU
|b 63413507
|c 20100204
|
| 801 |
|
2 |
|a RU
|b 63413507
|c 20131031
|g RCR
|
| 942 |
|
|
|c BK
|